• 首页
  • 本馆介绍
  • 公告通知
  • 最新文献
  • 馆藏检索
  • 电子资源
  • 读者导购
  • 参考咨询
  • 我的图书馆
  • 登录
  • 详细信息显示
  • 放入我的书架
  • 预约/预借图书
  • 作者相关作品
  • 分类相关作品
  • 丛书相关作品
  • 出版社相关作品

书目信息

  • 表格格式
  • 工作单格式
  • 卡片格式
题名:
网上求助
    
 
作者: 李渝 编著
分册:  
出版信息: 北京   科学出版社  2000
页数: 250页
开本: 32开
丛书名: 新网民手册
单 册:
中图分类: TP393-49
科图分类:
主题词: 计算机网络--知识
电子资源:
ISBN: 7-03-007941-8
000 00588nam0 2200217 45
001 0109271618
005 20031219104050.9
010    @a7-03-007941-8@dCNY12.00
100    @a20010927d2000 km y0chiy0120 ea
101 0  @achi
105    @a z 000yy
200 1  @a网上求助@AWang Shang Qiu Zhu@f李渝编著@FLi Yu Bian Zhu
210    @a北京@c科学出版社@d2000
215    @a250页@d32开
225    @a新网民手册
410    @12001 @a新网民手册
606 0  @a计算机网络@x知识
690    @aTP393-49@v4
701    @a李渝@4编著
801    @aCN@bTSTC@c20010927
905    @f5@b299198-202@dTP393-49@e316
    
    网上求助/李渝编著.-北京:科学出版社,2000
    250页;32开.-(新网民手册)
    
    
    ISBN 7-03-007941-8:CNY12.00
    
●
相关链接 在E读中查询图书 在五车中查询图书 在当当中查询图书 在豆瓣中查询图书


正题名:网上求助     索取号:TP393-49/316         预约/预借

序号 登录号 条形码 馆藏地/架位号 状态 备注
1 0299198   202991986   第三借阅区/ [索取号:TP393-49/316] 在馆    
2 0299199   202991995   第三借阅区/ [索取号:TP393-49/316] 在馆    
3 0299200   202992002   第三借阅区/ [索取号:TP393-49/316] 在馆    
4 0299201   202992011   第三借阅区/ [索取号:TP393-49/316] 在馆    
5 0299202   202992020   第二样本阅览室/ [索取号:TP393-49/316] 在馆    
唐山师范学院图书馆 欢迎您!
大连网信软件有限公司© 版权所有